Человек на Севере: демография, здоровье, экология (Запись № 363389)

Подробности
000 -МАРКЕР
контрольное поле 02674nam0a2200433 4500
001 - ИДЕНТИФИКАТОР ЗАПИСИ
контрольное поле RU\NLR\bibl\977083
005 - ИДЕНТИФИКАТОР ВЕРСИИ
контрольное поле 20260407143027.0
010 ## - МЕЖДУНАРОДНЫЙ СТАНДАРТНЫЙ НОМЕР КНИГИ (ISBN)
Номер (ISBN) 5-89606-266-4
Тираж 300
021 ## - НОМЕР ГОСУДАРСТВЕННОЙ РЕГИСТРАЦИИ
Код страны Российская Федерация
Номер 2006-38402
Номер Листа государственной регистраци 1929
035 ## - ДРУГИЕ СИСТЕМНЫЕ НОМЕРА
Идентификатор записи (nilc)EL/0000069676
035 ## - ДРУГИЕ СИСТЕМНЫЕ НОМЕРА
Идентификатор записи (NLR Aleph) 000965003
100 ## - ДАННЫЕ ОБЩЕЙ ОБРАБОТКИ
Данные общей обработки 20060616d2006 |||y0rusy50 ca
101 0# - ЯЗЫК РЕСУРСА
Язык текста, звукозаписи и т.д. русский
102 ## - СТРАНА ПУБЛИКАЦИИ ИЛИ ПРОИЗВОДСТВА
Страна публикации Российская Федерация
105 ## - ПОЛЕ КОДИРОВАННЫХ ДАННЫХ: ТЕКСТОВЫЕ МАТЕРИАЛЫ, МОНОГРАФИЧЕСКИЕ
Кодированные данные о монографическом текстовом документе a |||||||||
200 1# - ЗАГЛАВИЕ И СВЕДЕНИЯ ОБ ОТВЕТСТВЕННОСТИ
Основное заглавие Человек на Севере: демография, здоровье, экология
Сведения, относящиеся к заглавию [доклад на Первом северном социально-экологическом конгрессе в Сыктывкаре в апреле 2005
Первые сведения об ответственности М.П. Рощевский, акад. АН СССР (РАН), А.Н. Попов, А.И. Таскаев, к.б.н. и др.]
Последующие сведения об ответственности Рос. акад. наук. Урал. отд-ние, Коми науч. центр
210 ## - ПУБЛИКАЦИЯ, РАСПРОСТРАНЕНИЕ И ДР.
Место издания, распространения и т.д. Сыктывкар
Имя издателя, распространителя и т. д. Изд-во Коми научного центра УрО РАН
Дата издания, распространения и т.д. 2006
215 ## - ФИЗИЧЕСКАЯ ХАРАКТЕРИСТИКА
Специфическое обозначение материала и объем 92, [2] с.
Другие сведения о физической характеристике ил.
Размеры 22
300 ## - ОБЩИЕ ПРИМЕЧАНИЯ
Текст примечания На обл.: Второй северный социально-экологический конгресс, Сыктывкар 2006
320 ## - ПРИМЕЧАНИЯ О НАЛИЧИИ В ДОКУМЕНТЕ БИБЛИОГРАФИИ / УКАЗАТЕЛЯ
Текст примечания Библиогр.: с. 87-92 (34 назв.)
606 1# - НАИМЕНОВАНИЕ ТЕМЫ КАК ПРЕДМЕТ
Наименование темы Здоровье
Географический подзаголовок Российская Федерация
-- Север
Системный номер авторитетной/нормативной записи 2081105
Идентификатор авторитетной/нормативной записи RU\NLR\auth\661257067
606 1# - НАИМЕНОВАНИЕ ТЕМЫ КАК ПРЕДМЕТ
Наименование темы Демографические процессы
Географический подзаголовок Российская Федерация
-- Север
Системный номер авторитетной/нормативной записи 2438752
Идентификатор авторитетной/нормативной записи RU\NLR\auth\661450991
606 1# - НАИМЕНОВАНИЕ ТЕМЫ КАК ПРЕДМЕТ
Наименование темы Нефтегазоносные районы
Формальный подзаголовок Съезды, совещания и т.п.
Тематический подзаголовок Экология
Географический подзаголовок Российская Федерация
-- Север
Системный номер авторитетной/нормативной записи 2079091
Идентификатор авторитетной/нормативной записи RU\NLR\auth\661254963
686 1# - ИНДЕКСЫ ДРУГИХ КЛАССИФИКАЦИЙ
Индекс Р121.1(2Р1)
686 1# - ИНДЕКСЫ ДРУГИХ КЛАССИФИКАЦИЙ
Индекс С73(2Р31)74
701 #1 - ИМЯ ЛИЦА - АЛЬТЕРНАТИВНАЯ ОТВЕТСТВЕННОСТЬ
Код отношения Автор
Материалы, к которым относится поле rus
Графика поля Кириллица
Начальный элемент ввода Рощевский
Часть имени, кроме начального элемента ввода М.П.
Даты 1933-
Расширение инициалов личного имени Михаил Павлович
Идентификатор авторитетной/нормативной записи RU\NLR\auth\7719227
Системный номер авторитетной/нормативной записи 2300
701 #1 - ИМЯ ЛИЦА - АЛЬТЕРНАТИВНАЯ ОТВЕТСТВЕННОСТЬ
Код отношения Автор
Материалы, к которым относится поле rus
Графика поля Кириллица
Начальный элемент ввода Попов
Часть имени, кроме начального элемента ввода А.Н.
Дополнения к именам, кроме дат эколог
Даты 1957-
Расширение инициалов личного имени Александр Николаевич
Идентификатор авторитетной/нормативной записи RU\NLR\auth\7742094
Системный номер авторитетной/нормативной записи 25041
701 #1 - ИМЯ ЛИЦА - АЛЬТЕРНАТИВНАЯ ОТВЕТСТВЕННОСТЬ
Код отношения Автор
Материалы, к которым относится поле rus
Графика поля Кириллица
Начальный элемент ввода Таскаев
Часть имени, кроме начального элемента ввода А. И.
Даты 1944-2010
Расширение инициалов личного имени Анатолий Иванович
Идентификатор авторитетной/нормативной записи RU\NLR\auth\7719276
Системный номер авторитетной/нормативной записи 2348
711 12 - НАИМЕНОВАНИЕ ОРГАНИЗАЦИИ - АЛЬТЕРНАТИВНАЯ ОТВЕТСТВЕННОСТЬ
Начальный элемент ввода Северный социально-экологический конгресс
Порядковый номер временной организации и / или порядковый номер ее части 1
Дата проведения временной организации 2005
Место проведения временной организации Сыктывкар
Идентификатор авторитетной/нормативной записи RU\NLR\AUTH\8810086291
Системный номер авторитетной/нормативной записи 674452
712 02 - НАИМЕНОВАНИЕ ОРГАНИЗАЦИИ - ВТОРИЧНАЯ ОТВЕТСТВЕННОСТЬ
Код отношения Прочие
Начальный элемент ввода Российская академия наук
Структурное подразделение Коми научный центр
Идентификатор авторитетной/нормативной записи RU\NLR\AUTH\8811675
Системный номер авторитетной/нормативной записи 296015
801 #0 - ИСТОЧНИК ЗАПИСИ
Страна Российская Федерация
Организация НБР Коми
Дата составления 20060616
Правила каталогизации rcr
801 #1 - ИСТОЧНИК ЗАПИСИ
Страна Российская Федерация
Организация НБР Коми
Дата составления 20060616
801 #2 - ИСТОЧНИК ЗАПИСИ
Страна Российская Федерация
Организация NLR
Дата составления 20060822
Правила каталогизации rcr
942 ## - ДОПОЛНИТЕЛЬНЫЕ ЭЛЕМЕНТЫ ЗАПИСИ (АБИС)
Тип экземпляра АБИС Книга
980 ## - КОЛЛЕКЦИЯ
Название коллекции Национальная библиография
980 ## - КОЛЛЕКЦИЯ
Название коллекции НБР
Экземпляры
Тип экземпляра Дата поступления Источник поступления Библиотека постоянного хранения Библиотека текущего хранения Место хранения Шифр хранения Штрих-код Статус экземпляра
Книга 22.08.2006 Обязательный экземпляр РНБ (Московский) РНБ (Московский) Русский книжный фонд: издания с 1957 года 2006-6/1119 2245845